|
|
|
|
| LEADER |
01667nam a2200397 i 4500 |
| 001 |
EBC4926981 |
| 003 |
MiAaPQ |
| 005 |
20200520144314.0 |
| 006 |
m o d | |
| 007 |
cr cnu|||||||| |
| 008 |
180920s2002 gw o 000 0 ger d |
| 020 |
|
|
|z 9783486566390
|
| 020 |
|
|
|a 9783486594492 (e-book)
|
| 035 |
|
|
|a (MiAaPQ)EBC4926981
|
| 035 |
|
|
|a (Au-PeEL)EBL4926981
|
| 035 |
|
|
|a (CaPaEBR)ebr11606185
|
| 035 |
|
|
|a (OCoLC)1051139415
|
| 040 |
|
|
|a MiAaPQ
|b eng
|e rda
|e pn
|c MiAaPQ
|d MiAaPQ
|
| 043 |
|
|
|a e-gx---
|
| 050 |
|
4 |
|a AZ667
|b .R655 2002
|
| 082 |
0 |
|
|a 001.30943
|2 23
|
| 245 |
0 |
4 |
|a Die Rolle der Geisteswissenschaften im Dritten Reich 1933-1945 /
|c herausgegeben von Frank-Rutger Hausmann ; unter Mitarbeit von Elisabeth Muller-Luckner.
|
| 264 |
|
1 |
|a Munchen :
|b R. Oldenbourg Verlag,
|c 2002.
|
| 300 |
|
|
|a 1 online resource (416 pages)
|
| 336 |
|
|
|a text
|b txt
|2 rdacontent
|
| 337 |
|
|
|a computer
|b c
|2 rdamedia
|
| 338 |
|
|
|a online resource
|b cr
|2 rdacarrier
|
| 588 |
|
|
|a Description based on print version record.
|
| 590 |
|
|
|a Electronic reproduction. Ann Arbor, MI : ProQuest, 2018. Available via World Wide Web. Access may be limited to ProQuest affiliated libraries.
|
| 650 |
|
0 |
|a Humanities
|z Germany
|v Congresses.
|
| 655 |
|
4 |
|a Electronic books.
|
| 700 |
1 |
|
|a Hausmann, Frank-Rutger,
|d 1943-
|e editor.
|
| 700 |
1 |
|
|a Muller-Luckner, Elisabeth,
|e contributor.
|
| 776 |
0 |
8 |
|i Print version:
|t Rolle der Geisteswissenschaften im Dritten Reich 1933-1945.
|d Munchen ; R. Oldenbourg Verlag, 2002
|h 416 pages
|z 9783486566390
|
| 797 |
2 |
|
|a ProQuest (Firm)
|
| 856 |
4 |
0 |
|u https://ebookcentral.proquest.com/lib/matrademy/detail.action?docID=4926981
|z Click to View
|